[Event "Amber-blind 10th"]
[Site "Monte Carlo"]
[Date "2001.03.18"]
[Round "2"]
[White "Karpov, Anatoly"]
[Black "Leko, Peter"]
[Result "1/2-1/2"]
[WhiteElo "2679"]
[BlackElo "2745"]
[PlyCount "131"]
[EventDate "2001.03.17"]
[Source "ChessBase"]
[SourceDate "2001.05.06"]

1. d4 Nf6 2. Nf3 g6 3. g3 Bg7 4. Bg2 d5 5. c4 dxc4 6. Na3 c3 7. bxc3 O-O 8. O-O c5 9. e3 Nc6 10. Qe2 Nd5 11. Bb2 Nb6 12. Rfd1 Na4 13. Rac1 Nxb2 14. Qxb2 Qb6 15. Qb5 cxd4 16. cxd4 Qxb5 17. Nxb5 Bd7 18. Rb1 Bf5 19. Rb2 Rac8 20. h3 Rfd8 21. Nh4 Bd7 22. Nf3 a6 23. Nc3 b5 24. Ne4 Na5 25. Rbb1 Bf5 26. Nh4 Be6 27. Nc5 Bxa2 28. Rb2 Bc4 29. Nxa6 e5 30. Nf3 exd4 31. Nxd4 Nb3 32. Bb7 Nxd4 33. exd4 Rxd4 34. Rxd4 Bxd4 35. Rxb5 Re8 36. Rb4 Re1+ 37. Kg2 Bf1+ 38. Kf3 Ba7 39. Rb2 Bxh3 40. Nb4 Bd4 41. Rd2 Bc3 42. Rd8+ Kg7 43. Nd5 Rd1 44. Re8 Bd4 45. Ne3 Rd2 46. Bc8 Bf1 47. Nxf1 Rxf2+ 48. Ke4 Re2+ 49. Kxd4 Rxe8 50. Bh3 f5 51. Kd3 Kf6 52. Ne3 Kg5 53. Ng2 Re4 54. Kd2 Rg4 55. Bxg4 Kxg4 56. Ke3 Kxg3 57. Nf4 g5 58. Ne2+ Kg2 59. Nd4 h5 60. Nxf5 h4 61. Ke4 h3 62. Ne3+ Kf2 63. Ng4+ Kg3 64. Kf5 Kh4 65. Nh2 Kg3 66. Ng4 1/2-1/2

[Event "Hoogovens, aan"]
[Site "?"]
[Date "1998.??.??"]
[Round "10"]
[White "Karpov Anatoly"]
[Black "Polgar Judit"]
[Result "1-0"]
[WhiteElo "2735"]
[BlackElo "2675"]
[PlyCount "63"]
[EventDate "1998.??.??"]
[Source "www.chesslib.no"]
[SourceDate "2004.05.04"]

1. d4 Nf6 2. Nf3 g6 3. c4 Bg7 4. g3 O-O 5. Bg2 d5 6. O-O dxc4 7. Na3 Na6 8. Nxc4 c5 9. b3 Bf5 10. Bb2 Be4 11. Rc1 Rc8 12. Qd2 Qd5 13. Rfd1 Qh5 14. h3 cxd4 15. Bxd4 Rfd8 16. Nce5 Rxc1 17. Qxc1 Bxf3 18. Bxf3 Qxh3 19. Bxa7 Ra8 20. Bd4 Rc8 21. Qa3 Re8 22. Bxb7 Qc8 23. Be4 e6 24. Qe7 Nb4 25. Bg2 Nh5 26. Qc5 h6 27. Rd3 Qd7 28. Ba1 Nd5 29. Bh1 Nb4 30. e3 Qc8 31. f3 Bf8 32. Qxf8+ 1-0

[Event "Linares 71/(481)"]
[Site "?"]
[Date "1997.??.??"]
[Round "?"]
[White "Ivanchuk, Vassily"]
[Black "Polgar, Judit"]
[Result "0-1"]
[WhiteElo "2740"]
[BlackElo "2645"]
[PlyCount "38"]
[EventDate "1997.??.??"]
[Source "ChessBase"]
[SourceDate "1997.10.01"]

1. d4 Nf6 2. Nf3 g6 3. c4 Bg7 4. g3 O-O 5. Bg2 d5 6. O-O Nc6 7. Nc3 dxc4 8. d5 Nb4 9. e4 e6 10. Bg5 h6 11. Be3 Nd3 12. dxe6 Bxe6 13. h3 Qd7 14. Qd2 Bxh3 15. Bxh6 Rae8 16. Bxg7 Kxg7 17. Ng5 Bxg2 18. Kxg2 Nh5 19. Qe3 Ndf4+ 0-1

[Event "Tilburg"]
[Site "?"]
[Date "1996.??.??"]
[Round "?"]
[White "Karpov, Anatoly"]
[Black "Piket, Je"]
[Result "1/2-1/2"]
[WhiteElo "2775"]
[BlackElo "2580"]
[PlyCount "50"]
[EventDate "1996.??.??"]
[Source "ChessBase"]
[SourceDate "1996.10.01"]

1. d4 Nf6 2. c4 g6 3. g3 Bg7 4. Bg2 d5 5. Nf3 O-O 6. O-O dxc4 7. Na3 Nc6 8. Nxc4 Be6 9. b3 a5 10. Bb2 Bd5 11. Rc1 a4 12. bxa4 Ra6 13. Nfe5 Bxg2 14. Kxg2 Qa8 15. Nxc6 bxc6 16. Kg1 Rxa4 17. a3 Nd7 18. Ne5 Nxe5 19. dxe5 Rb8 20. Rc2 e6 21. Qd7 Ra5 22. e3 Bxe5 23. Bxe5 Rxe5 24. Rxc6 Ra5 25. Rxc7 Rf8 1/2-1/2

[Event "Dortmund"]
[Site "Dortmund"]
[Date "1997.07.04"]
[Round "1"]
[White "Huebner, Robert"]
[Black "Topalov, Veselin"]
[Result "1/2-1/2"]
[WhiteElo "2580"]
[BlackElo "2745"]
[PlyCount "63"]
[EventDate "1997.07.04"]
[Source "ChessBase"]
[SourceDate "1997.10.13"]

1. d4 Nf6 2. Nf3 g6 3. g3 d5 4. Bg2 Bg7 5. O-O O-O 6. c4 dxc4 7. Na3 c3 8. bxc3 c5 9. e3 Nc6 10. Qe2 Bf5 11. Rd1 Be4 12. Bb2 Qb6 13. Nc4 Qa6 14. Bf1 Rfd8 15. Nfd2 Bc2 16. Rdc1 Ba4 17. Nb3 Nd7 18. dxc5 Nce5 19. Nxe5 Qxe2 20. Bxe2 Nxe5 21. Nd4 e6 22. Rab1 Bf8 23. Ba1 Rab8 24. c4 Nd7 25. c6 bxc6 26. Bd1 Rxb1 27. Rxb1 Bxd1 28. Rxd1 Nb6 29. Rc1 c5 30. Nb3 Bg7 31. Bxg7 Kxg7 32. Nxc5 1/2-1/2

[Event "Shenyang (m/2)"]
[Site "?"]
[Date "2000.??.??"]
[Round "?"]
[White "Karpov, An"]
[Black "Ye, Jiangchuan"]
[Result "1/2-1/2"]
[WhiteElo "2695"]
[BlackElo "2615"]
[PlyCount "102"]
[EventDate "2000.??.??"]
[Source "Chess Informant"]
[SourceDate "2000.02.01"]

1. d4 Nf6 2. c4 g6 3. Nf3 Bg7 4. g3 O-O 5. Bg2 d5 6. O-O dxc4 7. Na3 Nc6 8. Nxc4 Be6 9. b3 Bd5 10. Bb2 a5 11. a4 Nb4 12. e3 c6 13. Qe2 Be4 14. Ne1 Bxg2 15. Nxg2 b5 16. Ne5 Nd7 17. Nxd7 Qxd7 18. Nf4 Rfb8 19. Rfd1 e6 20. h4 Qe7 21. Rac1 Rb6 22. Ba3 bxa4 23. bxa4 Qb7 24. Rc4 Bf8 25. Bc1 Qa6 26. e4 Rd8 27. Rd2 Rb7 28. Rb2 Rbd7 29. Be3 e5 30. dxe5 Rd1+ 31. Kh2 Ra1 32. e6 fxe6 33. Nxe6 Rdd1 34. Rd4 Qxe2 35. Rxe2 Rxd4 36. Bxd4 Rxa4 37. Nxf8 Kxf8 38. Rd2 Ke8 39. Bb6 Na2 40. Rd8+ Ke7 41. Ra8 Nc3 42. Bc5+ Kf6 43. Rf8+ Kg7 44. e5 Re4 45. Rc8 Nb5 46. Rxc6 Rxe5 47. Be3 a4 48. Ra6 a3 49. Kg2 Re4 50. Bc5 Rc4 51. Be7 Kf7 1/2-1/2

[Event "ESP-Tch  1a Div"]
[Site "Ciudad Real"]
[Date "2004.08.27"]
[Round "5"]
[White "Mamedyarov, Shakhriyar"]
[Black "Van Wely, Loek"]
[Result "0-1"]
[WhiteElo "2657"]
[BlackElo "2651"]
[PlyCount "169"]
[EventDate "2004.08.23"]
[Source "Roberto Alvarez"]
[SourceDate "2004.09.06"]

1. d4 Nf6 2. Nf3 g6 3. c4 Bg7 4. g3 d5 5. Bg2 dxc4 6. O-O O-O 7. Na3 c3 8. bxc3 c5 9. Ne5 Nc6 10. Nac4 Nd5 11. Bb2 Be6 12. Nxc6 bxc6 13. Qa4 Rb8 14. Rac1 Rb5 15. Rfd1 Nb6 16. Nxb6 Qxb6 17. Ba1 Rc8 18. d5 Ra5 19. Qc4 cxd5 20. Bxd5 Bxd5 21. Qxd5 Qa6 22. Rc2 c4 23. Qd7 Bf6 24. Rb1 Kg7 25. Rb7 Rcc5 26. Rb8 Rxa2 27. Bb2 Be5 28. Rd8 Bc7 29. Qd4+ e5 30. Qxc5 Bxd8 31. Rd2 Qb6 32. Qxe5+ Bf6 33. Qe8 Qe6 34. Qb5 Qe4 35. h4 h5 36. Rd7 Qb1+ 37. Kg2 Qe4+ 38. Kg1 a6 39. Qb7 Qxb7 40. Rxb7 a5 41. Kg2 a4 42. Rb4 Be7 43. Rb7 Bd6 44. Rb6 Bf8 45. Bc1 Rxe2 46. Be3 a3 47. Bd4+ Kh7 48. Rb7 Be7 49. Kf3 Re6 50. Ra7 Re1 51. Be3 Kg8 52. Ra8+ Kg7 53. Ra7 Bd6 54. Ra6 f5 55. Ra7+ Kf6 56. Ra6 Ke7 57. Bf4 Bc5 58. Bd2 Rb1 59. Be3 Bd6 60. Ra4 Ke6 61. Bf4 Bf8 62. Ra8 Be7 63. Ra6+ Kd5 64. Be3 Bd6 65. Bd4 Rb2 66. Ke3 a2 67. Kf3 Rc2 68. Ke3 Bc5 69. Bxc5 Kxc5 70. Kf4 Rxf2+ 71. Kg5 Rg2 72. Kf4 Rc2 73. Ra5+ Kb6 74. Ra8 Kb5 75. Ra7 Rf2+ 76. Kg5 Rf3 77. Kxg6 Rxg3+ 78. Kxf5 Rxc3 79. Rxa2 Rg3 80. Kf4 Rg4+ 81. Ke3 Kb4 82. Rh2 Kb3 83. Rh1 c3 84. Kd3 Rg3+ 85. Ke4 0-1

[Event "Hoogovens"]
[Site "Wijk aan Zee"]
[Date "1996.??.??"]
[Round "1"]
[White "Timman, Jan H"]
[Black "Sokolov, Ivan"]
[Result "1/2-1/2"]
[WhiteElo "2620"]
[BlackElo "2665"]
[PlyCount "101"]
[EventDate "1996.01.??"]
[Source "ChessBase"]

1. Nf3 Nf6 2. c4 g6 3. g3 Bg7 4. Bg2 O-O 5. O-O d5 6. d4 dxc4 7. Na3 a5 8. Ne5 c6 9. Naxc4 Be6 10. b3 Bd5 11. Bb2 Bxg2 12. Kxg2 Nbd7 13. Nd3 Ne4 14. Qc2 a4 15. bxa4 Nd6 16. Nce5 Nf5 17. e4 Nxe5 18. dxe5 Nd4 19. Qc4 b5 20. Qxd4 Qxd4 21. Bxd4 Rfd8 22. Bc5 Rxd3 23. axb5 cxb5 24. f4 e6 25. Rf3 Rd2+ 26. Rf2 Rxf2+ 27. Bxf2 Bf8 28. Rb1 Rxa2 29. Rxb5 h5 30. h3 Be7 31. Kf3 Ra3+ 32. Be3 Rc3 33. Ke2 Rc4 34. Rb7 Bf8 35. Kd3 Rb4 36. Rc7 Rb3+ 37. Ke2 Rb2+ 38. Kf3 Rb3 39. g4 hxg4+ 40. hxg4 Ba3 41. Rc8+ Kg7 42. Ke2 Rb2+ 43. Kd3 Rb3+ 44. Ke2 Rb2+ 45. Kd3 Rb3+ 46. Kd2 Rb2+ 47. Kc3 Rg2 48. g5 Rh2 49. Kd3 Rb2 50. Bc1 Rb3+ 51. Ke2 1/2-1/2

[Event "Elenite"]
[Site "?"]
[Date "1995.??.??"]
[Round "?"]
[White "Georgiev, Ki"]
[Black "Topalov, V."]
[Result "1/2-1/2"]
[WhiteElo "2605"]
[BlackElo "2670"]
[PlyCount "130"]
[EventDate "1995.??.??"]
[Source "ChessBase"]
[SourceDate "1995.06.01"]

1. Nf3 Nf6 2. c4 g6 3. g3 Bg7 4. Bg2 O-O 5. O-O d5 6. d4 Nc6 7. Nbd2 a5 8. b3 Ne4 9. Bb2 Be6 10. e3 f5 11. Qe2 Bf7 12. cxd5 Bxd5 13. Nxe4 Bxe4 14. a3 Qd5 15. Qc4 e6 16. Ne1 Bxg2 17. Nxg2 g5 18. Rac1 Rfd8 19. Rfd1 Ra6 20. Ba1 Rb6 21. Rb1 e5 22. Qc2 e4 23. Qc4 Rd7 24. Bc3 Ra6 25. Qe2 h6 26. b4 axb4 27. Bxb4 Nxb4 28. axb4 Bf8 29. b5 Ra2 30. Rd2 Rxd2 31. Qxd2 Qc4 32. Qd1 Kg7 33. h3 Qd5 34. Qe2 Bd6 35. Ra1 Rd8 36. Qb2 b6 37. Qe2 Ra8 38. Ra6 Rh8 39. Ra7 Kf6 40. Kh2 Qb3 41. Ra1 Qc3 42. Qa2 Rf8 43. Rd1 Ke7 44. Kg1 Qa3 45. Qd5 Qb2 46. Rf1 Qe2 47. Rc1 Rf7 48. Ra1 Qh5 49. Kh2 Qf3 50. Kg1 Kf6 51. Ra8 Kg7 52. Ra1 Qh5 53. Kh2 Qe2 54. Kg1 Rf8 55. Ra7 Qd1+ 56. Kh2 Rf7 57. Ra2 Qf1 58. h4 Rf8 59. Ra7 Rf6 60. Ra8 Rf7 61. Rh8 Qxf2 62. Rh7+ Kxh7 63. Qxf7+ Kh8 64. Qf6+ Kh7 65. Qf7+ Kh8 1/2-1/2

[Event "V Match Cina-Russia"]
[Site "Ningpo CINA"]
[Date "2008.09.20"]
[Round "3"]
[White "Inarkiev, E."]
[Black "Li Chao2"]
[Result "1/2-1/2"]
[WhiteElo "2675"]
[BlackElo "2590"]
[PlyCount "53"]
[EventDate "2008.09.18"]
[Source "www.chesslib.no"]
[SourceDate "2004.05.04"]

1. d4 Nf6 2. c4 g6 3. Nf3 Bg7 4. g3 d5 5. Bg2 O-O 6. O-O dxc4 7. Na3 Nc6 8. Nxc4 a5 9. b3 Be6 10. e3 Bd5 11. Ba3 Ne4 12. Qc1 a4 13. Rd1 Ra6 14. Nfe5 b5 15. Nd2 Nxd2 16. Nxc6 Rxc6 17. Qxd2 Bxg2 18. Kxg2 axb3 19. axb3 Qd5+ 20. Kg1 Re8 21. Qd3 e5 22. dxe5 Qxd3 23. Rxd3 Ra8 24. Rdd1 Bxe5 25. Bb2 Rxa1 26. Bxa1 Bxa1 27. Rxa1 1/2-1/2

[Event "Bled SLO"]
[Site "?"]
[Date "2002.10.27"]
[Round "2"]
[White "Dydyshko Viacheslav BLR"]
[Black "Svidler Peter"]
[Result "0-1"]
[WhiteElo "2539"]
[BlackElo "2690"]
[PlyCount "84"]
[EventDate "2002.??.??"]
[Source "www.chesslib.no"]
[SourceDate "2004.05.04"]

1. d4 Nf6 2. c4 g6 3. g3 Bg7 4. Bg2 d5 5. Nf3 dxc4 6. Na3 c3 7. bxc3 O-O 8. O-O c5 9. e3 Nc6 10. Qe2 Bf5 11. Nc4 cxd4 12. cxd4 Nb4 13. Ne1 Nbd5 14. Bb2 Rc8 15. Ne5 Ne4 16. Bxe4 Bxe4 17. f3 Bf5 18. Rf2 Nc3 19. Qd2 Na4 20. Ba3 Nb6 21. Qe2 Bxe5 22. dxe5 Nc4 23. Bb2 Qa5 24. g4 Bd7 25. Nd3 Bb5 26. Qe1 Qxe1+ 27. Rxe1 Nxb2 28. Nxb2 Rc5 29. f4 Rd8 30. Kg2 Bc6+ 31. Kg3 b5 32. Rd1 Rxd1 33. Nxd1 b4 34. Rd2 a5 35. Rd8+ Kg7 36. Rc8 Rc2 37. Nf2 Ba4 38. Ra8 Rxa2 39. Rxa5 b3 40. Nd1 Bc6 41. Rc5 Rg2+ 42. Kh3 Rc2 0-1

[Event "Tan Chin Nam Cup 6th"]
[Site "Beijing"]
[Date "2000.07.14"]
[Round "6"]
[White "Adianto, Utut"]
[Black "Zhang Zhong"]
[Result "0-1"]
[WhiteElo "2583"]
[BlackElo "2636"]
[PlyCount "104"]
[EventDate "2000.07.03"]
[Source "ChessBase"]
[SourceDate "2000.10.18"]

1. d4 g6 2. Nf3 Nf6 3. g3 Bg7 4. Bg2 O-O 5. O-O d5 6. c4 dxc4 7. Na3 Nc6 8. Nxc4 Be6 9. b3 Bd5 10. Bb2 a5 11. Ne3 Be4 12. a3 Qc8 13. Qc1 Rd8 14. Rd1 h6 15. Ne1 Bxg2 16. N1xg2 e6 17. Qc2 Rd7 18. Rd3 Qe8 19. Rad1 Rad8 20. Nc4 Ne4 21. Ne5 Bxe5 22. dxe5 Rxd3 23. Rxd3 Rxd3 24. Qxd3 Qd8 25. Nf4 Qxd3 26. Nxd3 Nd2 27. b4 a4 28. b5 Na7 29. Nc5 Nc4 30. Bc1 b6 31. Nxa4 Nxb5 32. Bxh6 Nxe5 33. Bg5 Nc4 34. Bd8 Ncxa3 35. f4 Nc4 36. Kf2 f5 37. h3 Kf7 38. g4 Ke8 39. Bf6 Nbd6 40. Kf3 Ne4 41. Bd4 c5 42. Bg1 Ke7 43. h4 Kd6 44. h5 gxh5 45. gxh5 Ke7 46. Kg2 Kf7 47. Kf1 Ng3+ 48. Kf2 Nxh5 49. Kf3 Nf6 50. Bxc5 bxc5 51. Nxc5 Ke7 52. e3 Nd5 0-1

[Event "TCh-RUS"]
[Site "Togliatti"]
[Date "2003.05.19"]
[Round "4"]
[White "Makarov, Marat"]
[Black "Svidler, Peter"]
[Result "1/2-1/2"]
[WhiteElo "2498"]
[BlackElo "2713"]
[PlyCount "43"]
[EventDate "2003.05.16"]
[Source "Roberto Alvarez"]
[SourceDate "2003.05.26"]

1. d4 Nf6 2. c4 g6 3. Nf3 Bg7 4. g3 d5 5. Bg2 dxc4 6. Na3 c3 7. bxc3 O-O 8. O-O c5 9. e3 Nc6 10. Qe2 Bf5 11. Rd1 cxd4 12. cxd4 Rc8 13. Bb2 Nb4 14. Ne5 Be4 15. Bh3 e6 16. f3 Bf5 17. Bf1 Bc2 18. Rdc1 Ba4 19. Rxc8 Qxc8 20. Qd2 Nc6 21. Nac4 Rd8 22. Rc1 1/2-1/2

[Event "Japfa Classic"]
[Site "Bali"]
[Date "2000.04.24"]
[Round "3"]
[White "Adianto, Utut"]
[Black "Ehlvest, Jaan"]
[Result "1-0"]
[WhiteElo "2584"]
[BlackElo "2622"]
[PlyCount "59"]
[EventDate "2000.04.22"]
[Source "ChessBase"]
[SourceDate "2000.07.27"]

1. d4 Nf6 2. c4 g6 3. Nf3 Bg7 4. g3 d5 5. Bg2 dxc4 6. O-O O-O 7. Na3 c3 8. bxc3 c5 9. e3 Nc6 10. Qe2 Nd5 11. Bb2 Nb6 12. Rac1 Be6 13. Rfd1 Qc8 14. c4 Bg4 15. h3 Bxf3 16. Bxf3 Qxh3 17. Nb5 Na4 18. Ba1 Rfd8 19. Bg4 Qh6 20. Kg2 e5 21. d5 Nb4 22. a3 Na6 23. f4 exf4 24. Rh1 f3+ 25. Qxf3 Qg5 26. Bxg7 f5 27. Be5 Qxg4 28. Qxg4 fxg4 29. Nd6 Nb6 30. Rxh7 1-0

[Event "4th Open A"]
[Site "Moscow RUS"]
[Date "2008.02.09"]
[Round "8"]
[White "Khismatullin, D."]
[Black "Efimenko, Z."]
[Result "0-1"]
[WhiteElo "2564"]
[BlackElo "2638"]
[PlyCount "86"]
[EventDate "2008.02.02"]
[Source "www.chesslib.no"]
[SourceDate "2004.05.04"]

1. d4 Nf6 2. c4 g6 3. g3 Bg7 4. Bg2 d5 5. Nf3 dxc4 6. O-O O-O 7. Na3 c3 8. bxc3 c5 9. e3 Nc6 10. Bb2 Bf5 11. Qe2 Qb6 12. Rfc1 Rfd8 13. Nc4 Qa6 14. Bf1 Qa4 15. Nfe5 Nxe5 16. Nxe5 Ne4 17. Nd3 c4 18. Nb4 a5 19. Nc2 Nd6 20. Bg2 Bd3 21. Qd1 e5 22. dxe5 Bxe5 23. Nd4 Qd7 24. a4 Ra6 25. Ba3 Ne4 26. Ra2 Rb6 27. Bf1 Bxf1 28. Qxf1 Qxa4 29. Raa1 Qd7 30. Qxc4 Ng5 31. h4 Ne4 32. Ra2 Rf6 33. Qb5 Qxb5 34. Nxb5 Rd3 35. c4 b6 36. Re2 Rc6 37. Rec2 Kg7 38. Kg2 Rb3 39. Be7 Rd3 40. Kf3 f5 41. Ke2 Rb3 42. Ba3 a4 43. Ra2 Rxb5 0-1

[Event "Jugoslavija"]
[Site "?"]
[Date "1991.??.??"]
[Round "?"]
[White "Romanishin, O."]
[Black "Kozul, Z."]
[Result "1/2-1/2"]
[WhiteElo "2610"]
[BlackElo "2580"]
[PlyCount "106"]
[EventDate "1991.??.??"]
[Source "ChessBase"]
[SourceDate "1991.06.01"]

1. d4 Nf6 2. Nf3 g6 3. g3 Bg7 4. Bg2 d5 5. O-O O-O 6. c4 dxc4 7. Ne5 Ne8 8. Na3 c5 9. Be3 cxd4 10. Bxd4 Nd6 11. Rc1 Be6 12. Nf3 Bh6 13. e3 Nc6 14. Bc3 Qb6 15. Nd4 Nxd4 16. Bxd4 Qa6 17. Bc3 Bg7 18. Bxg7 Kxg7 19. Bd5 Bxd5 20. Qxd5 Rac8 21. Qe5+ Kg8 22. Qxe7 c3 23. Rfd1 cxb2 24. Rxc8 Rxc8 25. Qxd6 Qxd6 26. Rxd6 Rc3 27. Rd2 Rxa3 28. Rxb2 b6 29. Kg2 Kf8 30. Kf3 Ke7 31. Rd2 Ke6 32. Kf4 Ra4+ 33. e4 Ra3 34. h4 h6 35. f3 b5 36. Kg4 a6 37. Kf4 a5 38. Rb2 b4 39. Rd2 f6 40. Kg4 Ke5 41. Rd5+ Ke6 42. Rd2 b3 43. axb3 Rxb3 44. Rd8 a4 45. Ra8 a3 46. Ra5 h5+ 47. Kf4 Kd6 48. g4 Kc7 49. g5 Kb6 50. Ra8 fxg5+ 51. Kxg5 Rxf3 52. Kxg6 Kc5 53. Kxh5 Kb4 1/2-1/2

[Event "Groningen (m/6) 71/(481)"]
[Site "?"]
[Date "1997.??.??"]
[Round "?"]
[White "Andersson, Ulf"]
[Black "Christiansen, Larry Mark"]
[Result "1/2-1/2"]
[WhiteElo "2640"]
[BlackElo "2550"]
[PlyCount "46"]
[EventDate "1997.??.??"]
[Source "ChessBase"]
[SourceDate "1997.10.01"]

1. d4 Nf6 2. Nf3 g6 3. c4 Bg7 4. g3 O-O 5. Bg2 d5 6. O-O dxc4 7. Na3 Nc6 8. Nxc4 Be6 9. Nce5 Bd5 10. Bf4 e6 11. a3 Qe7 12. Rc1 Rfd8 13. Nxc6 Bxc6 14. Rxc6 bxc6 15. Ne5 c5 16. Bxa8 Rxa8 17. dxc5 Nd5 18. Nd3 Nxf4 19. gxf4 Rd8 20. Qa4 e5 21. Qe4 Rd4 22. Qa8+ Rd8 23. Qe4 Rd4 1/2-1/2

[Event "Buenos Aires"]
[Site "Buenos Aires"]
[Date "1980.??.??"]
[Round "?"]
[White "Andersson, Ulf"]
[Black "Balashov, Yuri S"]
[Result "1/2-1/2"]
[WhiteElo "2590"]
[BlackElo "2600"]
[PlyCount "34"]
[EventDate "1980.10.??"]
[Source "ChessBase"]

1. Nf3 Nf6 2. c4 g6 3. g3 Bg7 4. Bg2 O-O 5. O-O d5 6. d4 dxc4 7. Na3 c3 8. bxc3 c5 9. Nc4 Nc6 10. Nfe5 Nd5 11. Bb2 Be6 12. Nxc6 bxc6 13. Qc2 Qc7 14. e3 cxd4 15. cxd4 c5 16. dxc5 Qxc5 17. Bxg7 Kxg7 1/2-1/2

[Event "Europa ch 2008"]
[Site "Plovdiv BUL"]
[Date "2008.05.02"]
[Round "11.55"]
[White "Dizdar, Goran"]
[Black "Nepomniachtchi, Ian"]
[Result "1/2-1/2"]
[WhiteElo "2548"]
[BlackElo "2634"]
[PlyCount "68"]
[EventDate "2008.04.21"]
[Source "www.chesslib.no"]
[SourceDate "2004.05.04"]

1. d4 Nf6 2. Nf3 g6 3. c4 Bg7 4. g3 O-O 5. Bg2 d5 6. O-O dxc4 7. Na3 Nc6 8. Nxc4 Be6 9. b3 a5 10. a4 Bd5 11. e3 Qb8 12. Ba3 b5 13. Nfe5 Nxe5 14. Nxe5 b4 15. Bb2 Bxg2 16. Kxg2 Qb7+ 17. Qf3 Ne4 18. Rac1 Qd5 19. Nd7 Rfd8 20. Rxc7 f5 21. Nb6 Qxb3 22. Qe2 Rab8 23. Qc4+ Qxc4 24. Nxc4 Rbc8 25. Rxc8 Rxc8 26. Rc1 Bf8 27. Nxa5 Ra8 28. Nb3 Rxa4 29. Ra1 Rxa1 30. Bxa1 Kf7 31. f3 Nd6 32. Kf2 Ke6 33. Ke2 Kd5 34. Kd3 Bh6 1/2-1/2

[Event "Groningen"]
[Site "Groningen"]
[Date "1991.??.??"]
[Round "4"]
[White "Romanishin, Oleg M"]
[Black "Ftacnik, Lubomir"]
[Result "1/2-1/2"]
[WhiteElo "2600"]
[BlackElo "2575"]
[PlyCount "115"]
[EventDate "1991.12.??"]
[Source "ChessBase"]

1. d4 Nf6 2. Nf3 g6 3. g3 Bg7 4. Bg2 d5 5. O-O O-O 6. c4 dxc4 7. Ne5 Ne8 8. Na3 c5 9. Be3 cxd4 10. Bxd4 Nd6 11. Nexc4 Bxd4 12. Qxd4 Nxc4 13. Qxc4 Qb6 14. Qb5 Nc6 15. Qxb6 axb6 16. Rfc1 Bd7 17. Bxc6 Bxc6 18. Kf1 Rfd8 19. Ke1 Ra5 20. Rc4 Rh5 21. h4 b5 22. Rb4 Rhd5 23. Nc2 f5 24. Ne3 Rc5 25. Rd1 Ra8 26. a3 Kf7 27. Rd3 Ra4 28. Rdd4 e5 29. Rxa4 bxa4 30. Rb4 Ke6 31. Kd2 h6 32. f4 b5 33. b3 axb3 34. Rxb3 exf4 35. gxf4 g5 36. hxg5 hxg5 37. fxg5 f4 38. Nc2 Rxg5 39. Nd4+ Kd6 40. Rb4 Bd7 41. Nf3 Rf5 42. Ke1 Kc5 43. Kf2 Bc6 44. Ne1 Kd6 45. Nd3 f3 46. e4 Rf8 47. Ke3 Ra8 48. Rb3 Ra4 49. Nf2 Ke5 50. Kxf3 Kd4 51. Kf4 Kc4 52. Re3 b4 53. axb4 Ra8 54. e5 Rf8+ 55. Kg3 Kxb4 56. Ng4 Rf1 57. Nf6 Kc4 58. Ra3 1/2-1/2

[Event "Campionato europeo 2007 - Spareggi"]
[Site "Dresda GER"]
[Date "2007.04.15"]
[Round "2.1"]
[White "Sakaev, Konstantin"]
[Black "Iljin, Artem"]
[Result "1-0"]
[WhiteElo "2633"]
[BlackElo "2538"]
[PlyCount "125"]
[EventDate "2007.04.03"]
[Source "www.chesslib.no"]
[SourceDate "2004.05.04"]

1. Nf3 Nf6 2. g3 d5 3. Bg2 g6 4. d4 Bg7 5. O-O O-O 6. c4 dxc4 7. Na3 c3 8. bxc3 c5 9. e3 Nc6 10. Bb2 Be6 11. Qe2 Qb6 12. Rfb1 Bf5 13. Rd1 Be4 14. Nc4 Qa6 15. Bf1 Rac8 16. Nfd2 Bc2 17. Rdc1 Ba4 18. Nb3 cxd4 19. cxd4 Bxb3 20. axb3 Qb5 21. Nd2 Qb6 22. Qb5 Qc7 23. d5 a6 24. Qc4 Qd7 25. dxc6 Qxd2 26. Bc3 Qd6 27. Bg2 bxc6 28. Rxa6 Rfd8 29. Ba5 Rf8 30. b4 Nd7 31. Rxc6 Ne5 32. Rxd6 Nxc4 33. Rc6 Rxc6 34. Bxc6 Nxa5 35. bxa5 Rc8 36. a6 Rc7 37. Rb1 Rxc6 38. Rb8+ Bf8 39. a7 Ra6 40. a8=Q Rxa8 41. Rxa8 Kg7 42. Kf1 e6 43. Ke2 Bb4 44. Rb8 Bc3 45. Kd3 Be1 46. Rb1 Ba5 47. Kc4 h5 48. Kc5 g5 49. Kd6 Kf6 50. Kd7 Bc3 51. Ke8 Kg6 52. Rc1 Be5 53. f3 Bb8 54. Rb1 Bd6 55. Rb7 f6 56. Kd7 Bc5 57. Kxe6 Bxe3 58. Rf7 Bd4 59. f4 gxf4 60. gxf4 h4 61. h3 Bc3 62. f5+ Kg5 63. Rg7+ 1-0

[Event "Moscow RUS"]
[Site "Moscow RUS"]
[Date "1981.??.??"]
[Round "?"]
[White "Smyslov, Vassily V"]
[Black "Kasparov, Gary"]
[Result "1/2-1/2"]
[WhiteElo "2545"]
[BlackElo "2625"]
[PlyCount "27"]
[EventDate "1981.??.??"]
[Source "www.chesslib.no"]
[SourceDate "2004.05.04"]

1. g3 d5 2. Nf3 g6 3. c4 Nf6 4. Bg2 Bg7 5. d4 O-O 6. O-O dxc4 7. Na3 c3 8. bxc3 c5 9. Nc4 Nc6 10. Nce5 Nd5 11. Bd2 Nxe5 12. Nxe5 Nb6 13. Bf4 Nd5 14. Rc1 1/2-1/2

[Event "It (Men) Frascati ITA"]
[Site "?"]
[Date "2006.03.27"]
[Round "3"]
[White "Romanishin Oleg M"]
[Black "Damljanovic Branko"]
[Result "1/2-1/2"]
[WhiteElo "2552"]
[BlackElo "2615"]
[PlyCount "83"]
[EventDate "2006.??.??"]
[Source "www.chesslib.no"]
[SourceDate "2004.05.04"]

1. d4 Nf6 2. Nf3 g6 3. g3 Bg7 4. Bg2 O-O 5. O-O d5 6. c4 dxc4 7. Ne5 Ne8 8. Na3 Nd6 9. e3 c6 10. Naxc4 Nxc4 11. Nxc4 Be6 12. b3 Bd5 13. Ba3 Re8 14. Rc1 Bxg2 15. Kxg2 Nd7 16. e4 b5 17. Ne3 Qa5 18. Nc2 e5 19. d5 cxd5 20. Qxd5 Nf6 21. Qd3 Rac8 22. Bb4 Qxa2 23. Ne3 Rxc1 24. Rxc1 a5 25. Rc2 Qb1 26. Bxa5 Bh6 27. Nd5 Nxd5 28. exd5 Bf8 29. Rd2 Qxd3 30. Rxd3 Bd6 31. Rc3 Ra8 32. Bb6 Kf8 33. Rc6 Ke7 34. Bc5 Bxc5 35. Rxc5 b4 36. Rb5 Kd6 37. Rxb4 Kxd5 38. Rb7 Rf8 39. Kf3 h5 40. Ke3 g5 41. Rb5+ Ke6 42. f4 1/2-1/2

[Event "Haifa"]
[Site "Haifa"]
[Date "1995.??.??"]
[Round "7"]
[White "Greenfeld, Alon"]
[Black "Svidler, Peter"]
[Result "1/2-1/2"]
[WhiteElo "2580"]
[BlackElo "2585"]
[PlyCount "23"]
[EventDate "1995.01.??"]
[Source "ChessBase"]

1. d4 Nf6 2. Nf3 g6 3. g3 d5 4. Bg2 Bg7 5. O-O O-O 6. c4 dxc4 7. Na3 Na6 8. Nxc4 c5 9. b3 Be6 10. Bb2 Rc8 11. Nfe5 Rc7 12. e3 1/2-1/2

[Event "Malmo"]
[Site "Malmo"]
[Date "1993.??.??"]
[Round "8"]
[White "Romanishin, Oleg M"]
[Black "Hellers, Ferdinand"]
[Result "1/2-1/2"]
[WhiteElo "2590"]
[BlackElo "2565"]
[PlyCount "83"]
[EventDate "1993.06.??"]
[Source "ChessBase"]

1. d4 Nf6 2. Nf3 g6 3. g3 d5 4. Bg2 Bg7 5. O-O O-O 6. c4 dxc4 7. Ne5 Ne8 8. Na3 c5 9. Be3 cxd4 10. Bxd4 Nd6 11. Nexc4 Bxd4 12. Qxd4 Nxc4 13. Qxc4 Qb6 14. Qc3 Nc6 15. Bxc6 bxc6 16. Nc4 Qb5 17. a4 Qd5 18. Rfd1 Qe6 19. Ne5 Ba6 20. Rd2 Rfd8 21. Rad1 Rxd2 22. Rxd2 c5 23. Nd3 Bxd3 24. Qxd3 Rb8 25. Qc3 c4 26. Qa5 a6 27. Rd8+ Rxd8 28. Qxd8+ Kg7 29. Qd4+ f6 30. e3 Qc6 31. a5 e5 32. Qa7+ Kh6 33. Qb6 Qf3 34. h4 Qd1+ 35. Kg2 Qd5+ 36. Kh2 Qf3 37. Kg1 Qd1+ 38. Kg2 Qd5+ 39. f3 Qd2+ 40. Kh3 Qd7+ 41. g4 Qd1 42. Qxf6 1/2-1/2

[Event "Cannes"]
[Site "Cannes"]
[Date "1999.??.??"]
[Round "5"]
[White "Tkachiev, Vladislav"]
[Black "Djuric, Stefan"]
[Result "1-0"]
[WhiteElo "2634"]
[BlackElo "2517"]
[PlyCount "65"]
[EventDate "1999.02.??"]
[Source "www.chesslib.no"]
[SourceDate "2004.05.04"]

1. d4 Nf6 2. c4 g6 3. g3 Bg7 4. Bg2 d5 5. Nf3 O-O 6. O-O dxc4 7. Na3 c3 8. bxc3 c5 9. e3 a6 10. Ne5 Qc7 11. Qe2 Nfd7 12. Nd3 Nc6 13. Rb1 e6 14. Nc2 b5 15. a4 Bb7 16. Ba3 c4 17. Nc5 Nxc5 18. Bxc5 Rfc8 19. axb5 axb5 20. Na3 Ra5 21. Nxb5 Rxb5 22. Rxb5 Nxd4 23. Bxd4 Bxg2 24. Ra1 Bc6 25. Ra7 Qd8 26. Rc5 e5 27. Qxc4 Qe8 28. Ra6 exd4 29. Raxc6 Rd8 30. cxd4 Bf8 31. Re5 Be7 32. Rc7 Rd7 33. Qc6 1-0